| 000 | 00773cam a22002534a 4500 | ||
|---|---|---|---|
| 001 | 14606115 | ||
| 005 | 20180119045634.0 | ||
| 008 | 061023s2008 maua b 001 0 eng | ||
| 010 | _a 2006034509 | ||
| 020 | _a0073404896 (alk. paper) | ||
| 020 | _a9780073404899 (alk. paper) | ||
| 040 |
_aDLC _cDLC _dDLC |
||
| 041 | _aeng | ||
| 043 | _an-us--- | ||
| 080 | _a331.880973 | ||
| 082 | 0 | 0 |
_a331.880973 BUD _222 |
| 100 | 1 | _a52 | |
| 101 | _aBUD | ||
| 245 | 1 | 0 |
_aLabor relations : _cJohn W. Budd. |
| 504 | _aIncludes bibliographical references and indexes. | ||
| 906 |
_a7 _bcbc _corignew _d1 _eecip _f20 _gy-gencatlg |
||
| 942 |
_2ddc _cBK |
||
| 999 |
_c40555 _d40555 |
||